Wszystkie zespoły przystankowe aglomeracji warszawskiej z mapą - Statystyki

Ogólne statystyki
  • Ten quiz został rozwiązany 154 razy
    125 od ostatniego zresetowania
  • Średni wynik to 156 z 2873
Odpowiedzi na mapie
Odpowiedzi zakodowano w zielono-czerwonej skali na mapie do tego quizu, zgodnie z poniższymi procentami.
 
Statystyki odpowiedzi
Zespół przystankowy
% Poprawnych
Centrum
67%
Metro Młociny
50%
Dw.Gdański
48%
Wilanów
48%
Dw.Zachodni
46%
Stadion
46%
Dw.Centralny
44%
rondo ONZ
44%
Stare Miasto
44%
Dw.Wileński
43%
Metro Kabaty
43%
Metro Ratusz-Arsenał
43%
Metro Świętokrzyska
43%
Łazy
41%
pl.Wilsona
41%
rondo Daszyńskiego
41%
Łęg
39%
Metro Bemowo
39%
Metro Wilanowska
39%
Nowy Świat
39%
Warszawa Zachodnia
39%
Gocław
37%
Metro Bródno
37%
Metro Marymont
37%
Metro Pole Mokotowskie
37%
Metro Ursynów
37%
pl.Trzech Krzyży
37%
Warszawa Centralna
37%
Cmentarz
35%
pl.Zawiszy
35%
Warszawa Ochota
35%
Gocławek
33%
Piastów
33%
Pruszków
33%
Warszawa Śródmieście
33%
Metro Kondratowicza
31%
Metro Natolin
31%
Metro Politechnika
31%
Rakowiec
31%
Szpital
31%
Warszawa Ursus
31%
Krucza
30%
Legionów
30%
Metro Centrum Nauki Kopernik
30%
Metro Księcia Janusza
30%
Metro Płocka
30%
Metro Szwedzka
30%
most Poniatowskiego
30%
Muzeum Narodowe
30%
Solec
30%
Stegny
30%
Warszawa Gdańska
30%
Warszawa Powiśle
30%
Warszawa Praga
30%
Warszawa Wschodnia
30%
Żerań FSO
30%
Kijowska
28%
Kino Femina
28%
Lotnisko Chopina
28%
Metro Ulrychów
28%
Nowa
28%
Otwock
28%
PKP Koło
28%
pl.Konstytucji
28%
pl.Narutowicza
28%
pl.Starynkiewicza
28%
P+R Al.Krakowska
28%
Uniwersytet
28%
Warszawa Al.Jerozolimskie
28%
Warszawa Rakowiec
28%
Warszawa Służewiec
28%
Warszawa Stadion
28%
Wola-Ratusz
28%
Bitwy Warszawskiej 1920 r.
26%
GUS
26%
Łoś
26%
Marszałkowska
26%
Metro Imielin
26%
Metro Młynów
26%
Metro Słodowiec
26%
Metro Służew
26%
Metro Targówek Mieszkaniowy
26%
Muranów
26%
Nowowiejska
26%
Osiedle
26%
PKP Rakowiec
26%
pl.Piłsudskiego
26%
pl.Zamkowy
26%
Sobieskiego
26%
Warszawa Włochy
26%
Wiatraczna
26%
Wilanowska
26%
Winnica
26%
Cm.Wolski
24%
Dw.Wschodni (Kijowska)
24%
Koło
24%
Łazienki Królewskie
24%
Metro Stare Bielany
24%
Metro Wawrzyszew
24%
Metro Wierzbno
24%
PKP Wola (Kasprzaka)
24%
pl.Unii Lubelskiej
24%
Pomnik Lotnika
24%
Warszawa Koło
24%
Grójecka
22%
Hoża
22%
Królewska
22%
Leszno
22%
Lubelska
22%
Metro Stadion Narodowy
22%
Metro Trocka
22%
Ochota-Ratusz
22%
Och-Teatr
22%
Rakowiecka
22%
rondo Żaba
22%
Stara
22%
Ursus-Niedźwiadek
22%
Warszawa Lotnisko Chopina
22%
Warszawa Rembertów
22%
Warszawa Wola
22%
Warszawa Żerań
22%
WAT
22%
Włochy-Ratusz
22%
Woronicza
22%
Wrocławska
22%
Wyścigi
22%
Annopol
20%
Banacha
20%
Chomiczówka
20%
Dickensa
20%
Józefów
20%
Koszykowa
20%
Legionowo
20%
Metro Racławicka
20%
Metro Stokłosy
20%
Metro Zacisze
20%
most Gdański
20%
Nowe Bemowo
20%
Opacz
20%
PKP Piaseczno
20%
PKP Służewiec
20%
PKP Wola (Wolska)
20%
PKP Żwirki i Wigury
20%
pl.Bankowy
20%
pl.Na Rozdrożu
20%
Powstańców
20%
rondo "Radosława"
20%
rondo Waszyngtona
20%
Saska
20%
Szczęśliwice
20%
Tarchomin
20%
Warszawa Powązki
20%
Warszawa Toruńska
20%
Warszawa Ursus-Niedźwiadek
20%
Warszawa Wawer
20%
Wawelska
20%
Wesoła
20%
Wolska
20%
Ząbkowska
20%
Żerań Wschodni
20%
al.Zieleniecka
19%
Biblioteka Narodowa
19%
Boernerowo
19%
Domaniewska
19%
Francuska
19%
Hynka
19%
Janki
19%
Kielecka
19%
Konwiktorska
19%
Korotyńskiego
19%
Lazurowa
19%
Marymont-Potok
19%
Młyn
19%
Muranowska
19%
Nowolipki
19%
Okopowa
19%
Pałac
19%
pl.Politechniki
19%
rondo Unii Europejskiej
19%
Sielce
19%
Szpital Wolski
19%
Toruńska
19%
Trasa Łazienkowska
19%
UKSW
19%
Ursus-Ratusz
19%
Warszawa Wesoła
19%
Warszawa ZOO
19%
Warszawa Żwirki i Wigury
19%
Warszawska
19%
Wiejska
19%
Złota
19%
Cm.Bródnowski
17%
Cm.Żydowski
17%
Cytadela
17%
Czumy
17%
Emilii Plater
17%
Foksal
17%
Grodzisk
17%
Kawęczyn
17%
Kawęczyńska-Bazylika
17%
Łopuszańska
17%
Morskie Oko
17%
Muzeum Powstania Warszawskiego
17%
Myśliborska
17%
NIK
17%
os.Górczewska
17%
Park Dreszera
17%
PKP Anin
17%
PKP Gołąbki
17%
PKP Ursus
17%
PKP Włochy
17%
pl.Zbawiciela
17%
Powązkowska
17%
Radzymin
17%
rondo Zesłańców Syberyjskich
17%
Solidarności
17%
Stare Bemowo
17%
Stawki
17%
Torwar
17%
Warszawa Choszczówka
17%
Warszawa Falenica
17%
Warszawa Płudy
17%
Wiśniowa
17%
Wołoska
17%
Zajezdnia Wola
17%
Batorego
15%
Białołęka-Ratusz
15%
Biblioteka Uniwersytecka
15%
CH Blue City
15%
CH Marki
15%
CH Reduta
15%
Dolina Służewiecka
15%
Dolna
15%
Dywizjonu 303
15%
Hala Kopińska
15%
Hala Mirowska
15%
Hale Banacha
15%
Hotel Bristol
15%
Instytut Lotnictwa
15%
Karolin
15%
Królika
15%
Królikarnia
15%
Lipowczana
15%
Mickiewicza
15%
Nowodwory
15%
Nowoursynowska
15%
Park Praski
15%
Piaski
15%
PKP Okęcie
15%
PKP Rembertów
15%
PKP Ursus Płn.
15%
PKP Wawer
15%
PKP WKD Al.Jerozolimskie
15%
pl.Inwalidów
15%
pl.Szembeka
15%
Popularna
15%
Radarowa
15%
Raszyńska
15%
Ratuszowa
15%
Ratuszowa-ZOO
15%
Spacerowa
15%
Sulejówek
15%
Szpital Bielański
15%
Szwedzka
15%
Ursynów Płd.
15%
Warszawa Anin
15%
Warszawa Gocławek
15%
Warszawa Młynów
15%
Zajezdnia Praga
15%
Zajezdnia Żoliborz
15%
11 Listopada
13%
11 listopada
13%
Anielewicza
13%
Baseny Inflancka
13%
Bielany-Ratusz
13%
Bokserska
13%
CH Targówek
13%
Ciepłownia Wola
13%
Cm.Północny-Brama Zach.
13%
Cm.Prawosławny
13%
Długa
13%
Dobra
13%
Dw.Wschodni (Lubelska)
13%
Dyrekcja FSO
13%
Gwiaździsta
13%
Karowa
13%
Kinowa
13%
Krakowiaków
13%
Mangalia
13%
Mehoffera
13%
Modlińska
13%
Norblin
13%
Obrońców Tobruku
13%
Ogrody Działkowe Bemowo
13%
Palmiry
13%
Park Kaskada
13%
Piękna
13%
PKP Dawidy
13%
PKP Falenica
13%
PKP Mokry Ług
13%
PKP Powązki
13%
PKP Sulejówek
13%
PKP Wołomin
13%
pl.Grunwaldzki
13%
Połczyńska-parking P+R
13%
Polskie Radio
13%
Poznańska
13%
Pruszkowska
13%
Radiowa
13%
Radzymińska
13%
Rembielińska
13%
Rozbrat
13%
Rynek
13%
Sady Żoliborskie
13%
Słowackiego
13%
Sulejówek Miłosna
13%
Świder
13%
Ursynów Płn.
13%
Wał Miedzeszyński
13%
Warszawa Olszynka Grochowska
13%
Warszawa Wola Grzybowska
13%
Wybrzeże Helskie
13%
3 Maja
11%
al.Lotników
11%
Armatnia
11%
AWF
11%
Berestecka
11%
Białobrzeska
11%
Bielańska
11%
Browarna
11%
Chełmska
11%
Cybernetyki
11%
Czerniakowska
11%
Dalibora
11%
Dawidy
11%
Deotymy
11%
Dw. Zachodni (Tunelowa)
11%
Dzika
11%
Esperanto
11%
Fort Wola
11%
Hala Wola
11%
Instalatorów
11%
Kampinos
11%
Kapitulna
11%
Karolkowa
11%
Kolejowa
11%
Komitetu Obrony Robotników
11%
Kościelna
11%
Kościół
11%
KS Polonia
11%
Legia-Stadion
11%
Lwowska
11%
Mariensztat
11%
Mińska
11%
Nowolipie
11%
Olesin
11%
os.Kabaty
11%
Paluch
11%
Park Olszyna
11%
PKP Jeziorki
11%
PKP Międzylesie
11%
PKP Olszynka Grochowska
11%
PKP Powiśle
11%
PKP Sulejówek Miłosna
11%
PKP Ursus-Niedźwiadek
11%
PKP Wesoła
11%
pl.Grzybowski
11%
Podleśna
11%
Polna
11%
Praga-Płd.-Ratusz
11%
Rembertów-Ratusz
11%
Sadyba
11%
Spartańska
11%
Środkowa
11%
Świątynia Opatrzności Bożej
11%
Szpital Bródnowski
11%
Urząd Miasta
11%
Warszawa Międzylesie
11%
Warszawa Radość
11%
Warszawa Zachodnia (Peron 9)
11%
Wawer-Ratusz
11%
Wesoła-Ratusz
11%
Wieliszew
11%
Wólka
11%
Zegrze Płd.
11%
1 Sierpnia
9%
al.Reymonta
9%
al.Wielkopolski
9%
Augustów
9%
Banacha-Szpital
9%
Bennetta
9%
Berezyńska
9%
Białostocka
9%
Budowlana
9%
Chłodna
9%
Cm.Włoski
9%
Czarnomorska
9%
Czynszowa
9%
Dębów
9%
Dobosza
9%
Dworkowa
9%
EC Siekierki
9%
gen.Maczka
9%
Grzymały-Sokołowskiego
9%
Harfowa
9%
Instytut Fizyki
9%
Inżynierska
9%
Jagiellońska
9%
Jara
9%
Jesiennych Liści
9%
Kabaty-STP
9%
Kickiego
9%
Kocjana
9%
Konstruktorska
9%
Lasek na Kole
9%
Lotnisko Chopina-Odloty
9%
Lotnisko Chopina-Przyloty
9%
Magistracka
9%
Marynin
9%
Mazowiecka
9%
Mieszka I
9%
Mokotowska
9%
Niemcewicza
9%
Niepodległości
9%
Niwa
9%
Novotel
9%
Nowodworska
9%
Odlewnicza
9%
Odyńca
9%
Ogród Botaniczny
9%
Ogrody Działkowe Na Skraju
9%
Okrężna
9%
Opaczewska
9%
Ordona
9%
Ordynacka
9%
Orla
9%
os.Potok
9%
os.Ruda
9%
Ostroroga
9%
Piastowska
9%
Piastów Śląskich
9%
PKP Legionowo
9%
PKP Płudy
9%
PKP Targówek
9%
PKP Zielonka
9%
pl.Hallera
9%
pl.Kasztelański
9%
pl.Teatralny
9%
Poleczki
9%
Północna
9%
Południowa
9%
Postępu
9%
Prosta
9%
Przy Agorze
9%
Rakowiecka-Sanktuarium
9%
Romaszewskiego
9%
Rybna
9%
Salomea
9%
Sasanki
9%
Siekierki-Sanktuarium
9%
Siekierkowska
9%
Sikorskiego
9%
Skorochód-Majewskiego
9%
Skorosze
9%
Słoneczna
9%
Śmigłowca
9%
Sokratesa
9%
Stare Świdry
9%
Świderska
9%
Szkolna
9%
Tarchomin Kościelny
9%
Vogla
9%
Wąwozowa
9%
Wawrzyszewska
9%
Wiertnicza
9%
Wróbla
9%
Wrzeciono
9%
Wspólna
9%
Wspólna Droga
9%
Zachodnia
9%
Zajezdnia Kleszczowa
9%
Zalesie
9%
Żołnierska
9%
Żołny
9%
Żytnia
9%
Afrykańska
7%
Agrykola
7%
al.Bohaterów Września
7%
al.Jana Pawła II
7%
al.Witosa
7%
Ananasowa
7%
Armii Krajowej
7%
Bartycka
7%
Batumi
7%
Belgradzka
7%
Bohomolca
7%
Branickiego
7%
Bródno-Podgrodzie
7%
Budzińskiej-Tylickiej
7%
Buków
7%
Centrum Olimpijskie
7%
Chodecka
7%
CH Promenada
7%
CH Ursynów
7%
Cm.Północny-Brama Płn.
7%
Cm.Wawrzyszewski
7%
Conrada
7%
Cynamonowa
7%
Dąbrówka
7%
Dominikańska
7%
Elbląska
7%
Elekcyjna
7%
Faradaya
7%
gen.Zajączka
7%
Głębocka
7%
Golędzinów
7%
Graniczna
7%
Grenady
7%
Groty
7%
Grzymalitów
7%
Idzikowskiego
7%
Indiry Gandhi
7%
Jadwisin
7%
Jasna
7%
Julianów
7%
Julianowska
7%
Karczunkowska
7%
Katowicka
7%
Kąty
7%
Kępa Zawadowska
7%
Kochanowskiego
7%
Kocjana-Sądy
7%
Konduktorska
7%
Kostrzewskiego
7%
Królowej Marysieńki
7%
ks.Popiełuszki
7%
Kwatery Głównej
7%
Lalki
7%
Limanowskiego
7%
Maczka
7%
Madalińskiego
7%
Marecka
7%
Michalin
7%
Miła
7%
Młociny-UKSW
7%
most Siekierkowski
7%
Na Skraju
7%
Nowaka-Jeziorańskiego
7%
Ogrody Działkowe Paluch
7%
Ogrody Działkowe Piaski
7%
Okęcie Business Park
7%
Okrzei
7%
Olszowa
7%
os.Derby
7%
Ostródzka
7%
Parafialna
7%
Park Moczydło
7%
Park Traugutta
7%
Parowcowa
7%
Pileckiego
7%
PIMot
7%
PKP Józefów
7%
PKP Radość
7%
PKP Toruńska
7%
PKP Wołomin Słoneczna
7%
PKP Zalesie Górne
7%
Płaskowickiej
7%
pl.Krasińskich
7%
Płochocińska
7%
Pl.Pole Elekcyjne
7%
Podbipięty
7%
Podleśna-IMGW
7%
Poniatów
7%
Poniatowskiego
7%
Posag 7 Panien
7%
Powązki-Cm.Wojskowy
7%
Powsin-Park Kultury
7%
Pożarowa
7%
Przelotowa
7%
Przy Parku
7%
Radiowo
7%
Rokosowska
7%
SGGW-Rektorat
7%
Siodlarska
7%
Skoroszewska
7%
Smocza
7%
Sójki
7%
Sokołowska
7%
Sosnowa
7%
Sowińskiego
7%
Starzyńskiego
7%
Stefanika
7%
Stoicka
7%
św.Bonifacego
7%
Szczęśliwicka
7%
Szpital Południowy
7%
Szyszkowa
7%
Taneczna
7%
Topiel
7%
Tor Stegny
7%
Truskawiecka
7%
Warszawa Miedzeszyn
7%
Wawerska
7%
Wiślicka
7%
WKD Raków
7%
Włościańska
7%
Wola Grzybowska
7%
Wołomińska
7%
Wybrzeże Szczecińskie
7%
Wynalazek
7%
Wyszkowska
7%
Zachęta
7%
Zajezdnia Woronicza
7%
Zawady
7%
Zieleniecka
7%
ZUS
7%
1. Praskiego Pułku
6%
Abrahama
6%
Al. 3 Maja
6%
Aleja Róż
6%
Aleksandrów
6%
Archimedesa
6%
Aspekt
6%
Augustówek
6%
Augustówka
6%
Batalionu Platerówek
6%
Bazyliańska
6%
Berensona
6%
Bobrowiec
6%
Bobrowiecka
6%
Bogusławskiego
6%
Boleść
6%
Bonifraterska
6%
Brazylijska
6%
Bródnowska
6%
Brzeziny
6%
Budexpo
6%
Bydgoska
6%
Centrum Onkologii
6%
Chodakowska
6%
Choszczówka
6%
Chotomów
6%
Ciszewskiego
6%
Cm.Północny-Brama Gł.
6%
Cm.Północny-Brama Płd.
6%
Conrada-Szkoła
6%
Czarna
6%
Czarnieckiego
6%
Człuchowska
6%
Czorsztyńska
6%
Dąbkowizna
6%
Dąbrówka Wiślana
6%
Dębowa
6%
Dojazdowa
6%
Działkowa
6%
Dzieci Warszawy
6%
EC Żerań
6%
Europejska
6%
Fort Blizne
6%
Fort Radiowo
6%
Fort Wawrzyszew
6%
Gocławska
6%
Górna
6%
Górnośląska
6%
Grabów
6%
Handlowa
6%
Herbsta
6%
Inowłodzka
6%
Instytut Neurologii
6%
Instytut Reumatologii
6%
Iwicka
6%
Iwiczna
6%
IX Poprzeczna
6%
Jadźwingów
6%
Jagielska
6%
Jana Kazimierza
6%
Jaracza
6%
Jesionowa
6%
Joliot-Curie
6%
Juranda ze Spychowa
6%
Juranda ze Spychowa-szkoła
6%
Kąty Grodziskie
6%
Kierbedzia
6%
Kłobucka
6%
Knapika
6%
Komputerowa
6%
Kościuszki
6%
Krótka
6%
Kwiatowa
6%
Leszczyńskiego
6%
Leżajska
6%
Lipowa
6%
Mała
6%
Małe Siekierki
6%
Malinowskiego
6%
Markowska
6%
Marysin
6%
Mazurska
6%
Międzyborska
6%
Międzylesie
6%
Międzynarodowa
6%
Miklaszewskiego
6%
Mikołajska
6%
Młynarska
6%
most Grota-Roweckiego
6%
most Świętokrzyski
6%
Mysiadło
6%
Na Bateryjce
6%
Nałęczowska
6%
Natolin Płn.
6%
Niedźwiedzia
6%
Noakowskiego
6%
Nocznickiego
6%
Nowe Włochy
6%
Nowy Zjazd
6%
Oczyszczalnia "Południe"
6%
Odkryta
6%
Ogród Działkowy im.Warneńczyka
6%
Ogrody Działkowe Czerniaków
6%
Ogrody Działkowe Wilanówka
6%
Okrąg
6%
Okrągła
6%
Orlich Gniazd
6%
os.Derby III
6%
Oś Królewska
6%
Park Magiczny
6%
Park Skaryszewski
6%
Pelcowizna
6%
Perzyńskiego
6%
Piotra Skargi
6%
PKP Gocławek
6%
PKP Legionowo Przystanek
6%
PKP Nowa Iwiczna
6%
PKP Ożarów Mazowiecki
6%
PKP Zacisze-Wilno
6%
PKP Żerań
6%
pl.Niemena
6%
pl.Szwedzki
6%
pl.Tysiąclecia
6%
Płużańska
6%
Poczty Gdańskiej
6%
Podzamcze
6%
Polinezyjska
6%
Pomorska
6%
Popiela
6%
Powązki-IV Brama
6%
Powązki-VI Brama
6%
Powsinek
6%
Przasnyska
6%
Rakowska
6%
rondo Starzyńskiego
6%
rondo Żabczyńskiego
6%
Rosy
6%
Rudnickiego
6%
Rybie
6%
Ryżowa
6%
Rzeszotarskiej
6%
Samochodowa
6%
Sarmacka
6%
Schronisko dla Zwierząt
6%
Siennicka
6%
Skarbka z Gór
6%
Skibińskiego
6%
Śliwice
6%
Słupno
6%
Sochaczewska
6%
Sołtyka
6%
Sportowa
6%
Staniewicka
6%
Staszica
6%
Suwak
6%
Suwalska
6%
Suzina
6%
św.A.Boboli
6%
Syta
6%
Szwoleżerów
6%
Tatarska
6%
Telewizja Polska
6%
Terespolska
6%
Terminal Autokarowy
6%
Terminal Cargo
6%
Tołstoja
6%
Trakt Lubelski
6%
Twardowska
6%
Utrata
6%
Verdiego
6%
Walerego Sławka
6%
Widawska
6%
Wirażowa
6%
Wiślana
6%
Witolin
6%
Wólka Węglowa
6%
Wołoska-Szpital
6%
Zajęcza
6%
Zajezdnia Stalowa
6%
Zakrzewska
6%
Zdziarska
6%
Zielona
6%
Żupnicza
6%
Żywiecka
6%
Adamieckiego
4%
Adampolska
4%
Akcent
4%
Alpejska-Instytut
4%
al.Piłsudskiego
4%
Aluzyjna
4%
al.Wojska Polskiego
4%
Andersena
4%
Antoniewska
4%
Areszt Śledczy Grochów
4%
Astronautów
4%
Ateńska
4%
Baleya
4%
Bartnicza
4%
Bartyki
4%
Batalionów Chłopskich
4%
Beethovena
4%
Bełdan
4%
Bergamotki
4%
Betoniarnia
4%
Bliska
4%
Bolesława Krzywoustego
4%
Bolesława Śmiałego
4%
Bora-Komorowskiego
4%
Boryny
4%
Bronisława Czecha-Las
4%
Brożka
4%
Brylowska
4%
Bukowińska
4%
Centrum Zdrowia Dziecka
4%
Chabrowa
4%
CH Łomianki
4%
Chlubna
4%
Chrzanów
4%
CH Stara Papiernia
4%
Ciepłownia Kawęczyn
4%
Coopera
4%
Czarny Las
4%
Czekoladowa
4%
Czerwonych Beretów
4%
Czosnów
4%
Dąbrowskiego
4%
Długosza
4%
Dom Kultury
4%
Drohicka
4%
Dunikowskiego
4%
Dw.Gdański (Rydygiera)
4%
Dzielna
4%
Ekspresowa
4%
Etiudy Rewolucyjnej
4%
Fabryka Pomp
4%
Falencka
4%
Falenica
4%
Farbiarska
4%
Felińskiego
4%
Figowa
4%
Flamenco
4%
Fort Bema
4%
Franciszkańska
4%
Gąsocińska
4%
Gierdziejewskiego
4%
Glebowa
4%
Główna
4%
Gołkowska
4%
Goraszewska
4%
Gorzykowska
4%
Gotarda
4%
Grabalówki
4%
Grenadierów
4%
Grodzisk-Kościół
4%
Hallera
4%
Hłaski
4%
Hoserów
4%
ICDS
4%
Instalatorów-KAM
4%
Iskry
4%
Janin
4%
Janów
4%
Jerzego
4%
Jeziorko Czerniakowskie
4%
Kąck
4%
Kamienna
4%
Kamionek
4%
Kanał Żerański
4%
Karczocha
4%
Kartezjusza
4%
Kazubów
4%
Kępa Okrzewska
4%
Kępa Tarchomińska
4%
Klarysew
4%
Klarysewska
4%
Klaudyn
4%
Klaudyny
4%
Klemensiewicza
4%
Klonowa
4%
KMŁ
4%
Kobiałka
4%
Kobiałka-Szkoła
4%
Kombajnistów
4%
Koncertowa
4%
Konopacka
4%
Koński Jar
4%
Kopcińskiego
4%
Kórnicka
4%
Kosiarzy
4%
Kozielska
4%
Krasickiego
4%
Ksawerów
4%
Książęca
4%
Księżycowa
4%
KS Polonez
4%
Kupiecka
4%
Ku Wiśle
4%
Kwitnąca
4%
Las Bielański
4%
Legionowo Piaski
4%
Lektykarska
4%
Lercha
4%
Leśna
4%
Lesznowola
4%
Litewska
4%
Lokajskiego
4%
Łomżyńska
4%
Łososiowa
4%
Łowcza
4%
Łowicka
4%
Łucznicza
4%
Łukowa
4%
Madalińskiego-Szpital
4%
Magiera
4%
Maklakiewicza
4%
Makolągwy
4%
Malczewskiego
4%
Mandarynki
4%
Marcelin
4%
Meksykańska
4%
Metryczna
4%
Michałów-Reginów
4%
Mielczarskiego
4%
Milenijna
4%
Miłobędzka
4%
Młochów
4%
Modzelewskiego
4%
Mołdawska
4%
Mory
4%
Mościska
4%
Muzealna
4%
Nadwiślańska
4%
Narwik
4%
Niedziałkowskiego
4%
Nieporęt
4%
Niska
4%
Norwida
4%
Noskowskiego
4%
Nowotyska
4%
Nowy Sękocin
4%
Nugat
4%
Objazdowa
4%
Obrazkowa
4%
Obrońców Warszawy
4%
Obrzeżna
4%
Ochocza
4%
Odrodzenia
4%
Ogrodowa
4%
Ogrody Działkowe Budowlani II
4%
Ojca Aniceta
4%
Opolska
4%
Orzechowa
4%
os.Bernardyńska
4%
os.Derby VI
4%
os.Dudziarska
4%
Osiedle Młodych
4%
os.Jantar
4%
Osmańska
4%
Osmańska-DHL
4%
os.Marywilska
4%
os.Młodych
4%
os.Nowy Mokotów
4%
os.Orlik
4%
Os.Panieńska
4%
Ośrodek Wojskowy
4%
os.Wilga
4%
os.Zielony Staw
4%
Paderewskiego
4%
Pałacowa
4%
Parkowa
4%
Pelikanów
4%
Piaskowa
4%
PKP Halinów
4%
PKP Kobyłka
4%
PKP Kobyłka-Ossów
4%
PKP Legionowo Piaski
4%
PKP Miedzeszyn
4%
PKP Śródborów
4%
PKP Zielonka Bankowa
4%
Pl.Bernardyński
4%
Płocka-Szpital
4%
pl.Wolności
4%
Poborzańska
4%
Podwójna
4%
Poetów
4%
Potulicka
4%
Prefabet
4%
Prusa
4%
Prystora
4%
Przybyszewskiego
4%
Przyczółek Grochowski
4%
Przyjazna
4%
Puchały
4%
Raciborska
4%
Racjonalizacji
4%
Rebusowa
4%
Reduta Wolska
4%
Regulska
4%
Reymonta
4%
Rogalińska
4%
Rolna
4%
Rosochata
4%
Różana
4%
Ruczaj
4%
Rudzka
4%
Ruskowy Bród
4%
Rydygiera
4%
Rzeczna
4%
Santocka
4%
Sarabandy
4%
Sękocin
4%
SGGW-Klinika
4%
Siedliskowa
4%
Sienna
4%
Sitowie
4%
Skolimów
4%
Słomczyn
4%
Słowicza
4%
Smoluchowskiego
4%
Śnieżna
4%
Sobocka
4%
Sokola
4%
Sokołowskiego
4%
Sołecka
4%
Sosnkowskiego
4%
Spiralna
4%
Spiska
4%
Spokojna
4%
Spółdzielnia
4%
Stacja Krwiodawstwa
4%
Stara Miłosna (Ułańska)
4%
Statkowskiego
4%
Stawy
4%
Stefana Batorego
4%
Stępińska
4%
Strażacka
4%
Struga
4%
Stryjeńskich
4%
Świerk
4%
Świętojerska
4%
Św.u.Ledóchowskiej
4%
Sympatyczna
4%
Sypniewska
4%
Szaserów
4%
Szaserów-Szpital
4%
Szeligowska-Wiadukt
4%
Szeroka
4%
Szkoła
4%
Szolc-Rogozińskiego
4%
Szpitalna
4%
Tagore'a
4%
Tango
4%
Teatr Komedia
4%
Techników
4%
Thomme
4%
Tomaszowska
4%
Trawiasta
4%
Trombity
4%
Tuzinowa
4%
Tylżycka
4%
Tytułowa
4%
Umińskiego
4%
Urbanistów
4%
Urząd Gminy
4%
Urząd Statystyczny
4%
Urzut
4%
Utrata-Urząd Celny
4%
Vogla-Morysin
4%
Wagonownia
4%
Wałowicka
4%
Warecka
4%
Warmińska
4%
Warneńska
4%
Wąska
4%
Wiedeńska
4%
Wierzbowa
4%
Wiolinowa
4%
Wiśniowa Góra
4%
WKD Opacz
4%
Władysława Hermana
4%
Wojnicka
4%
Wojska Polskiego
4%
Wólczyńska
4%
Wolności
4%
Wyczółki
4%
Wyjazd
4%
Wysockiego
4%
Wyszogrodzka
4%
Zachodzącego Słońca
4%
Zajezdnia Ostrobramska
4%
Zalesie Dolne
4%
Zamieniecka
4%
Zaruskiego
4%
Zaściankowa
4%
Zaułek-Szkoła
4%
Zawodzie
4%
Zbójna Góra
4%
Zdziarska-Kanał
4%
Złotokłos
4%
Żółkiewskiego
4%
Żubrowa-UKSW
4%
Żuromińska
4%
Zwycięzców
4%
Żyrardowska
4%
Adamowicza
2%
Agatowa
2%
AGRICOOP
2%
Akacjowa
2%
Akademijna
2%
Aleja Bzów
2%
Al.Jedności
2%
al.Sybiraków
2%
Ambaras
2%
Andrutowa
2%
Anny German
2%
Anny Jagiellonki
2%
Antka Rozpylacza
2%
Arbuzowa
2%
Areszt Śledczy Służewiec
2%
Aroniowa
2%
Atrakcyjna
2%
Bacha
2%
Badylarska
2%
Baletowa
2%
Balkonowa
2%
Barszczewska
2%
Bartłomieja
2%
Bartoszycka
2%
Batalionu Ak "Bałtyk"
2%
Batalionu Włochy
2%
Bellottiego
2%
Bełzy
2%
Berensona-Kanał
2%
Białołęka-Kanał
2%
Bielszowicka
2%
Błota
2%
Boczna
2%
Bodycha
2%
Bogatki
2%
Borysów
2%
Braci Wagów
2%
Brata Alberta
2%
Bronowska
2%
Brzozowa
2%
Buchalteryjna
2%
Bukowskiego
2%
Buraków
2%
Bursztynowa-Szpital
2%
Buska
2%
Bystra
2%
Bystrzycka
2%
Bytnara
2%
Cementownia
2%
Centrum Mody
2%
Ceramiczna
2%
Chełmońskiego
2%
Chłopickiego
2%
Chudoby
2%
Cicha
2%
Cm.Ofiar Wojny
2%
Coopera-Przychodnia
2%
Ćwiklińskiej
2%
Cybulice Duże
2%
Czapelska
2%
Czaplin
2%
Czarna Struga
2%
Czatów
2%
Czekanowska
2%
Czerwona Droga
2%
Czołchańskiego
2%
Dąbrówka Szlachecka
2%
Daniszewska
2%
Darwina
2%
Dębina
2%
Dębówka
2%
Dębówka II
2%
DKS Targówek
2%
Dobka z Oleśnicy
2%
Do Fortu
2%
Domaniewska Office Park
2%
Dragonów
2%
Drzewieckiego
2%
Drzeworytników
2%
DS Riviera
2%
Duńska
2%
Dwernickiego
2%
Dzierżoniowska
2%
Echa Leśne
2%
Edisona
2%
Elsnerów
2%
Energetyczna
2%
Erazma z Zakroczymia
2%
Eskulapów
2%
Estrady
2%
Fabryczna
2%
Falenty Nowe
2%
Fieldorfa
2%
Fogga
2%
Frachtowa
2%
Gąsek
2%
Gassy
2%
Gassy-Pętla
2%
Gdecka
2%
Geodezyjna
2%
Gizów
2%
Glinianka
2%
Gniewkowska
2%
Goleszowska
2%
Górki
2%
Gościeradowska
2%
Grawerska
2%
Grochowa
2%
Grodkowska
2%
Gruntowa
2%
Grupy Ak "Północ"
2%
Gryfitów
2%
Grzegorzewskiej
2%
Habicha
2%
Hanki Ordonówny
2%
Harnasie
2%
Hassa
2%
Helenów
2%
Henryka Brodatego
2%
Henryka Probusa
2%
Henryków
2%
Hetmańska
2%
Hołubcowa
2%
Hospicjum Onkologiczne
2%
Inflancka
2%
Instruktorska
2%
Instytut Hematologii
2%
Instytut Kardiologii
2%
Insurekcji
2%
Internetowa
2%
Irysowa
2%
Iwaszkiewicza
2%
Izabelińska
2%
Izbicka-Cmentarz
2%
Jabłoniowa
2%
Jachowicza
2%
Jachtowa
2%
Jagiełły
2%
Jałowcowa
2%
Janczewice
2%
Janki Małe
2%
Janów-Mikołajówka
2%
Janowskiego
2%
Januszewicza
2%
Jarosławska
2%
Jarząbka
2%
Jarzębinowa
2%
Jasielska
2%
Jaśminowa
2%
Jastrzębiec
2%
Jawczyce
2%
Jesionka
2%
Jesówka
2%
Jeziorki Płn.
2%
Jodłowa
2%
Jórskiego
2%
Jurajska
2%
Kaczeńców
2%
Kadetów
2%
Kajki
2%
Kaloryczna
2%
Kałuszyn
2%
Kalwaryjska
2%
Kampinoska
2%
Kanał Bródnowski
2%
Kanał Gocławski
2%
Kanał Nowe Ujście
2%
Kapeli
2%
Kasprowicza
2%
Keniga
2%
Kiełpin
2%
Kiepury
2%
Kilińskiego
2%
Kisielewskiego
2%
Klasztorna
2%
Klub Lira
2%
Kocjana-Bocznica
2%
Kolarska
2%
Kołłątaja
2%
Kołobrzeska
2%
Kolumba
2%
Komety
2%
Konarskiego
2%
Kondracka
2%
Konotopska
2%
Konwaliowa
2%
Kopernika
2%
Kopijników
2%
Korbońskiego
2%
Korkowa-Cmentarz
2%
Kościeliska
2%
Kościelna-OSP
2%
Kosów
2%
Kosynierów
2%
Koszalińska
2%
Koźmińska
2%
Krasnowola
2%
Królowej Bony
2%
Krubin
2%
ks.Boguckiego
2%
Księcia Bolesława
2%
ks.Sitnika
2%
ks.Skorupki
2%
ks.Słojewskiego
2%
ks.Szulczyka
2%
Kulskiego
2%
Kuźnicy Kołłątajowskiej
2%
Kwiatów Polnych
2%
Łączyny
2%
Ładna
2%
Łady
2%
Łady-Szkoła
2%
Łagiewnicka
2%
Lanciego
2%
Langego
2%
Langiewicza
2%
Latoszki
2%
Laurowa
2%
Lawinowa
2%
Lebiodowa
2%
Lelewela
2%
Lesznowola-Pole
2%
Lewinów
2%
Liliowa
2%
Łojewska
2%
Łokietka
2%
Łomianki-Centrum
2%
Łomna-Las
2%
Łubinowa
2%
Lucerny
2%
Łukaszczyka
2%
Łukowska
2%
Lusińska
2%
Magdalenka
2%
Magellana
2%
Malborska
2%
Małcużyńskiego
2%
Małego Rycerza
2%
Małej Łąki
2%
Malinowa
2%
Mańki-Wojdy
2%
Mańkowska
2%
Marmurowa
2%
Maszynowa
2%
Megasam
2%
Meissnera
2%
Melcera
2%
Mikówiec
2%
Mirkowska
2%
Młodzieńcza
2%
Mochtyńska
2%
Mochtyńska-Kanał
2%
Mościckiego
2%
Mroków
2%
Myszkowska
2%
Naczelnikowska
2%
Nadma
2%
Nadzorcówka
2%
Nalewki-Muzeum
2%
Namysłowska
2%
Napoleona
2%
Napoleona Bonaparte
2%
Narcyzowa
2%
Narodowa
2%
Nawłocka
2%
Nowa Wieś
2%
Nowe Babice
2%
Nowe Załubice
2%
Nowy Podolszyn
2%
Obórki
2%
Obórki-Wał
2%
Oborska
2%
Obory
2%
Obory-Pałac
2%
Obręb
2%
Obręb I
2%
Obręb II
2%
Oczapowskiego
2%
Odeska
2%
Od Lasu
2%
Odrębna
2%
Ogińskiego
2%
Ogórkowa
2%
Ogrodnicza
2%
Ogrody Bielawy
2%
Ogrody Działkowe Kawęczyn
2%
Ogrody Przyjaciół
2%
Oknicka
2%
Okólna
2%
Olecka
2%
Olszewnica Stara
2%
Oraczy
2%
Orląt Lwowskich
2%
Orzycka
2%
os.Arbuzowa
2%
os.Domaniewska
2%
os.Iskra
2%
os.Leśne
2%
os.Lewandów I
2%
os.Patio
2%
Os.Pozytywny Mokotów
2%
Ośrodek Szkoleniowy
2%
Os.Staszica/Pętla
2%
Ostródzka-Szkoła
2%
os.Victoria
2%
os.Walendia
2%
os.Wyżyny
2%
Otwock Świder
2%
Palisadowa
2%
Pancera
2%
Pańska
2%
Park Postępu
2%
Park Zdrojowy
2%
Parowozowa
2%
Pastuszków
2%
Patkowskiego
2%
Pawia
2%
Perkuna
2%
Piechurów
2%
Pięciolinii
2%
Pielęgniarek
2%
Pieńków-Sklep
2%
Pieńków-Wieś
2%
PKP Dąbkowizna
2%
PKP Michalin
2%
PKP Nieporęt
2%
PKP Zagościniec
2%
Planetowa
2%
Płowiecka
2%
pl.Przymierza
2%
Plutonu Torpedy
2%
Płytowa
2%
Podkowy
2%
Podłęcze
2%
Podolszyn
2%
Pogodna
2%
Polfa
2%
Poligonowa
2%
Poloneza
2%
Pomiechowska
2%
Pomnik Sapera
2%
Poprzeczna
2%
Port Nieporęt
2%
Porzeczkowa
2%
Pośrednia
2%
Pożaryskiego
2%
Pozytywki
2%
Prądzyńskiego
2%
Prażmowska
2%
P+R Nadarzyn
2%
Promyka
2%
Prozy
2%
Przedpole
2%
Przekorna
2%
Przełęczy
2%
Przemysława II
2%
Przepiórki
2%
Przeworska
2%
Przy Bażantarni
2%
Przyborowie
2%
Pustelnik
2%
Puszczyka
2%
Raabego
2%
Radiowo-Bocznica
2%
Radość-Wodociąg
2%
Raginisa
2%
Rataja
2%
Rechniewskiego
2%
Redutowa
2%
Rembelszczyzna
2%
Rembertów-Akademia
2%
Rembertów-Strzelnica
2%
Rodła
2%
Rogowska
2%
Rokokowa
2%
Rolanda
2%
Rosnowskiego
2%
Równa
2%
Rów Natoliński
2%
Rozłogi
2%
Rusiec
2%
Rybałtów
2%
Rybnicka
2%
Rynia
2%
Rzakta
2%
Samsonowska
2%
Sanktuarium
2%
Sękocin Las
2%
Serwitucka
2%
SGGW-Biblioteka
2%
Sieczna
2%
Sienkiewicza
2%
Sieraków
2%
Sierakowska
2%
Sierakowskiego
2%
Siwek
2%
Siwińskiego
2%
Skalnicowa
2%
Składkowskiego
2%
Skolimów Północny
2%
Słomczyn-Szkoła
2%
Słoneczników
2%
Śmigielska
2%
Smugowa
2%
Śniadeckich
2%
Śniegockiej
2%
Sobików
2%
Solidna
2%
Sosenkowa
2%
Sowia Wola Folwarczna
2%
Spalinowa
2%
Spichrzowa
2%
Spisaka
2%
Śreniawitów
2%
Stara Miłosna (Graniczna)
2%
Starego Dębu
2%
Stare Kabaty
2%
Stare Załubice
2%
Starodęby
2%
Starowiejska
2%
Stary Sękocin
2%
Sternicza
2%
Stolbud
2%
Strzeleckiego
2%
Suchocin
2%
Suchy Las
2%
Sulejówek Miłosna-Pomnik
2%
św.Hieronima
2%
Świerkowa
2%
Synów Pułku
2%
Szamoty
2%
Szancera
2%
Szarady
2%
Szlachecka
2%
Szobera
2%
Szpital Grochowski
2%
Szuberta
2%
Szymanów
2%
Szymanowskiego
2%
Taborowa
2%
Targowisko
2%
Tarniny
2%
Tarnowiecka
2%
Teligi
2%
Tkaczy
2%
Tor Kolarski
2%
Trakt Lubelski-Las
2%
Tramwajowa
2%
Traugutta
2%
Trzykrotki
2%
Turmoncka
2%
Uniwersytet Medyczny
2%
Ursus-Sanktuarium
2%
Waflowa
2%
Wałbrzyska-Cmentarz
2%
Walecznych
2%
Walewskiej
2%
Wał Gocławski
2%
Wapowskiego
2%
Warchałowskiego
2%
Waryńskiego
2%
Warzelnicza
2%
Wasilkowska
2%
Wersalska
2%
Widokowa
2%
Wielicka
2%
Wielkiego Dębu
2%
Wierzchowskiego
2%
Wodniaków
2%
Wojciechowskiego
2%
Wojsławicka
2%
Wólczyńska-Bocznica
2%
Wólka Kosowska
2%
Wronia
2%
Wyględowska
2%
Wyspiańskiego
2%
Wyszyńskiego
2%
Zaborów-Szkoła
2%
Zabraniecka
2%
Zajezdnia Redutowa
2%
Zajezdnia Ursus Płn.
2%
Zakamarek
2%
Zakłady Zbożowe
2%
Zamenhofa
2%
Zaolziańska
2%
Zapustna
2%
Zaruby
2%
Zbójnogórska
2%
Zbyszka z Bogdańca
2%
Zdobywców Kosmosu
2%
Zerzeń
2%
Zgoda
2%
Zgorzała
2%
Zielonej Gęsi
2%
Zielonki
2%
Żiżki
2%
Złotej Jesieni
2%
Znana
2%
Zwoleńska
2%
Żyzna
2%
Anemonów
0%
Anusin
0%
Anusinek
0%
Arena Legionowo
0%
Arena Ożarów
0%
Areszt Śledczy Białołęka
0%
Arkadyjska
0%
Armii "Poznań"
0%
Babiego Lata
0%
Baczyńskiego
0%
Bagnista
0%
Bajeczna
0%
Bąkówka
0%
Bandurskiego
0%
Bandurskiego I
0%
Bandurskiego II
0%
Baniocha-Centrum
0%
Baniocha-Marki
0%
Bankowa
0%
Barei
0%
Baszkówka
0%
Batalionu Miotła
0%
Bednarska
0%
Beniaminów
0%
Beniaminówka
0%
Białobrzegi
0%
Białołęka Dworska
0%
Biały Ług
0%
Biedronki
0%
Biegunowa
0%
Bielawa I
0%
Bielawa-OSP
0%
Bielawa-Pętla
0%
Bieszczadzka
0%
Bieżuńska
0%
Blizne Jasińskiego
0%
Blizne Łaszczyńskiego
0%
Blokowa
0%
Bociana Czarnego
0%
Bohaterewicza
0%
Bohuna
0%
Bohuszewiczówny
0%
Borki
0%
Borków
0%
Borowa
0%
Borowiecka
0%
Borowina I
0%
Borowina II
0%
Borowina III
0%
Boryszew
0%
Boryszewska
0%
Borzęcin Duży
0%
Borzęcin Duży-Szkoła
0%
Borzęcin Duży-Wieś
0%
Borzęcin Mały
0%
Braci Zawadzkich
0%
Bronisze
0%
Brukowa
0%
Bruszewska
0%
Brześce
0%
Brzezińska
0%
Brzózek
0%
Buchnik
0%
Bukowiecka
0%
Bukowska
0%
Buławy
0%
Bysławska
0%
Cedrowa
0%
Ceglana
0%
Celulozy
0%
Cendrowice
0%
Centrum Rehabilitacji
0%
CH Błękitne
0%
Chęcińska
0%
Chemiczna
0%
Chłodnia
0%
Chodkiewicza
0%
Chopina
0%
Chotomowska
0%
CH Wólka Kosowska
0%
Chylice
0%
Chyliczki
0%
Chyliczkowska-Technikum
0%
Cieciszew-Stary Kościół
0%
Cięciwa
0%
Ciećwierza
0%
Cieplarniana
0%
Ciołkosza
0%
Ciszyca
0%
Ciszyca II
0%
Cmentarz 1920 r.
0%
Cmentarz Marki
0%
Ćmielowska
0%
Cm.Południowy-Brama Płd.
0%
Cm.Południowy-Brama Wsch.
0%
Cm.Południowy-Brama Zach.
0%
Codzienna
0%
Cukrownicza
0%
Cygańska
0%
Cyklamenów
0%
Cylichowska
0%
Cynkowa
0%
Cyraneczki
0%
Czachówek-Las
0%
Czachówek-Szkoła
0%
Czajkowskiego
0%
Czaplinek I
0%
Czaplinek II
0%
Czarna Droga
0%
Czarnej Olchy
0%
Czarnów
0%
Czarnówka
0%
Czarnuszki
0%
Cząstków Mazowiecki
0%
Cząstków Polski
0%
Cząstków Polski Wschód
0%
Czeremchowa
0%
Czereśniowa
0%
Czernidła
0%
Czersk-Zamek
0%
Czerwińska
0%
Czołgistów
0%
Czwartaków
0%
Dąbrowa Zachodnia
0%
Dankowicka
0%
Danusi
0%
Diamentowa
0%
Długorzeczna
0%
Dobiesz
0%
Dobiesz II
0%
Dom Artystów
0%
Dom Rencisty PAN
0%
Dom Samotnej Matki
0%
Dorodna
0%
Dostawcza
0%
Draceny
0%
Drewnicka
0%
Drobiarska
0%
Drogowa
0%
Drogowców
0%
Drohobycka
0%
Duchnów
0%
Duczki-Szkoła
0%
Dworcowa
0%
Dworska
0%
Działyńczyków
0%
Dziechciniec
0%
Dziechciniec-Kolonia
0%
Dzięcioła
0%
Dziekanówek
0%
Dziekanów Leśny
0%
Dziekanów Nowy Wschód
0%
Dziekanów Nowy Zachód
0%
Dziekanów Polski Centrum
0%
Dziekanów Polski Wschód
0%
Dziekanów Polski Zachód
0%
Dzielnicowa
0%
Dzierzgońska
0%
Dziewanowska
0%
Dzikiej Róży
0%
Ekologiczna
0%
Emilii Gierczak
0%
Falenty Duże
0%
Falenty-Osiedle
0%
Firmowa
0%
Fletniowa
0%
Floriana
0%
Fortowa
0%
Gajowa
0%
Galla Anonima
0%
Garbatka
0%
Garwolińska
0%
Gawronia
0%
Gazownia
0%
gen.Kutrzeby
0%
gen.Roi
0%
Gerbera
0%
Gilarska
0%
Glinianki
0%
Głogi
0%
Głosków-Letnisko
0%
Głosków-Szkoła
0%
Głosków-Zielone
0%
Głowackiego
0%
Gminna
0%
Gocławek Wschodni
0%
Godebskiego
0%
GOK
0%
Gołaszewska
0%
Gołębia
0%
Golfowa
0%
Gołków-Letnisko
0%
Gołków-Wieś
0%
Gontarska
0%
Góralska
0%
Góraszka
0%
Górecka
0%
GOSiR
0%
Grabina
0%
Grabskiego
0%
Graniczka
0%
Graniczna-Szkoła
0%
Gródek
0%
Gromadzka
0%
Groszówka
0%
Gruszy
0%
Gryczana
0%
Grzybowa
0%
Gwarków
0%
Gwarna
0%
Habdzin I
0%
Habdzin II
0%
Habdzin III
0%
Habdzin IV
0%
Hala Sportowa Bemowo
0%
Hala Znicz
0%
Henryków-Urocze
0%
Hipodrom
0%
Hipolitowska
0%
Hoovera
0%
Horbaczewskiego
0%
Hornówek
0%
Hortensji
0%
Hotelowa
0%
Hrabska Droga
0%
Hubala
0%
Hubala-Dobrzańskiego
0%
Husarska
0%
Hutnicza
0%
Imbirowa
0%
IMUZ
0%
Instytut Ekologii PAN
0%
Instytut Energetyki
0%
Jaworówka
0%
Jazgarzew-Szkoła
0%
Jesiotrowa
0%
Jeziorowa
0%
Jontka
0%
Juhasów
0%
Julianowska-Cmentarz
0%
Kadetów-Szkoła
0%
Kaflowa
0%
Kajetany
0%
Kakowskiego
0%
Kalenica
0%
Kalinowa Droga
0%
Kameliowa
0%
Kameralna
0%
Kamiennej Górki
0%
Kamińskiego
0%
Kamykowa
0%
Kanarkowa
0%
Kąpielowa
0%
Kaputy
0%
Karabeli
0%
Karłowicza
0%
Kasztanowa
0%
Katiuszy
0%
Kąty Węgierskie
0%
Kawęczynek I
0%
Kawęczynek II
0%
Kawęczyn II
0%
Kazimierza Odnowiciela
0%
Kazimierzowska
0%
Kędzierówka
0%
Kępa Oborska I
0%
Kępa Oborska II
0%
Kępa Okrzewska-Cmentarz
0%
Kiełpin-Cmentarz
0%
Kino Baśń
0%
Klamrowa
0%
Klasyków
0%
Klimatyczna
0%
Klimontowska
0%
Klubowa
0%
Kociszewskich
0%
Koczargi Nowe
0%
Koczargi Stare
0%
Kolejka Piaseczyńska
0%
Kolibra
0%
Kolonia Helenów
0%
Kolonia Lesznowola
0%
Kolonia Makówko
0%
Kolonia Pod Lasem
0%
Kolonia Sobików
0%
Kolonia Warszawska
0%
Kołowa
0%
Komornica-Szkoła
0%
Komorowska
0%
Komorowska-Hotel
0%
Kompasowa
0%
Konik Nowy
0%
Konopnickiej
0%
Koprki
0%
Koralowych Dębów
0%
Korczaka
0%
Kordeckiego
0%
Kordiana
0%
Korsaka
0%
Kosaćcowa
0%
Kościuszki-Szkoła
0%
Kosmowska I
0%
Kosmowska II
0%
Kosodrzewiny
0%
Kossaka
0%
Kostowiec
0%
Koszałka Opałka
0%
Kotliny
0%
Kozaków
0%
Krakowiany
0%
Krakusa
0%
Krańcowa
0%
Kraśnicka
0%
Krokusów
0%
Krokwi
0%
Krymska
0%
Kryniczna
0%
Krynoliny
0%
Krzaki Czaplinkowskie
0%
Krzesiwa
0%
Krzywickiego
0%
Krzyżanowskiego
0%
ks.Czartoryskiej
0%
Książąt Mazowieckich
0%
Księcia Ziemowita
0%
Księżnej Anny
0%
ks.Malinowskiego
0%
Kubusia Puchatka
0%
Kukułcza
0%
Kuleszówka
0%
Ku Słońcu
0%
Kusocińskiego
0%
Kwirynów
0%
Kwitnącej Akacji
0%
Łączna
0%
Łąki
0%
Łąkowa
0%
Lamina
0%
Łasaka
0%
Latchorzew
0%
Ławki
0%
Łaźniewska
0%
Łazy-Szkoła
0%
Łbiska
0%
Łbiska-Szkoła
0%
Legionowa
0%
Leśnej Polanki
0%
Leśniakowizna
0%
Leśniakowizna II
0%
Leśniczówka
0%
Leśnych Boginek
0%
Leszczynka
0%
Leszno-GS
0%
Leszyckiego
0%
Lewinowska
0%
Limby
0%
Lindleya
0%
Linin
0%
Linin-Osiedle
0%
Lipinki
0%
Lipińska
0%
Lipków
0%
Lipowo
0%
Lipy
0%
Listonoszy
0%
Lniana
0%
Lokalna
0%
Łomianki-Szkoła
0%
Łomna-Cmentarz
0%
Łomna-Kościół
0%
Łomna-Szkoła
0%
Łomna Wschód
0%
Łomna Zachód
0%
Łoziska
0%
Lubiczów
0%
Łubna
0%
Łukasińskiego
0%
Lutosławskiego
0%
Łyczyn
0%
Łyczyńska
0%
Łysakowska
0%
Macierzanki
0%
Magnolii
0%
Majdan
0%
Majdańska
0%
Majerankowa
0%
Majowa
0%
Majowy Zakątek
0%
Malcanów
0%
Malowana
0%
Małych Dębów
0%
Marcinki
0%
Marianki
0%
Mariańska
0%
Mariew
0%
Marki-Ratusz
0%
Markowskiego
0%
Marsa-Las
0%
Marywilska-Las
0%
Marzycieli
0%
Maszewska
0%
Matuszewska
0%
Meblowa
0%
Mennica
0%
MERA-PNEFAL
0%
Michalinki
0%
Michałówek
0%
Miejski Dom Kultury
0%
Miejski Ośrodek Kultury
0%
Mieni
0%
Miłego Dnia
0%
Milenium
0%
Mirków-Szkoła
0%
Miziołka
0%
Młocińska
0%
Młodzieżowa
0%
Młyn Michla
0%
Moczydłów
0%
Modra
0%
Modrzewiowa
0%
Mokry Ług-Leśniczówka
0%
Moniuszki
0%
Montażowa
0%
Monte Cassino
0%
Morawicza
0%
Mostowa
0%
Mostówka
0%
Motylkowa
0%
Mozaikowa
0%
Mrągowska
0%
Muzeum Zielonki
0%
Mycielskiego
0%
Myszczyn
0%
Myszczyn II
0%
Nadarzyńska
0%
Nadwiślańczyków
0%
Nadziei
0%
Narutowicza-Betoniarnia
0%
Nauczycielska
0%
Niedzielskiego
0%
Niepokalanowska
0%
Nieświeska
0%
Niezwykła
0%
Nizinna
0%
Nowa Wola
0%
Nowe Grabie-Cmentarz
0%
Nowe Grabie I
0%
Nowe Grabie II
0%
Nowe Lipiny
0%
Nowe Słupno
0%
Nowe Wągrodno
0%
Nowinek
0%
Nowiny
0%
Okrzeszyn
0%
Okrzeszyn II
0%
Okrzewska I
0%
Okrzewska II
0%
Okularowa
0%
Okunin
0%
Olchy
0%
Ołówkowa
0%
Olszynowa
0%
Opacz-Szkoła
0%
Opłotek
0%
Orchowiecka
0%
Orężna
0%
Orszagha
0%
Orzeszkowej
0%
os.Batorego
0%
os.Belina
0%
os.Bukowiec
0%
os.Bukowy Dworek
0%
Os.Elektra
0%
Os.Elsam
0%
os.Grapa
0%
Osiedle Mirków
0%
Osiedlowa
0%
os.Jagiellońska
0%
os.Konstancja
0%
os.Kwiatowa
0%
os.Las
0%
os.Lewandów II
0%
Os.Ługi
0%
os.Majdańska
0%
Osmańczyka
0%
os.Nafta
0%
os.Niepodległości
0%
os.Olszyny
0%
os.Piaski
0%
OSP Nowy Prażmów
0%
Os.Poligon
0%
os.Przylesie
0%
OSP Skrzeszew
0%
OSP Złotokłos
0%
Os.Radiówek
0%
Ośrodek AZS
0%
Ośrodek Cora
0%
Ośrodek LOK
0%
Ośrodek Zdrowia
0%
Ossów-Krzyż
0%
Ossów-Szkoła
0%
Ostapowicza
0%
Os.Wituś
0%
Os.Wolności
0%
OW Promenada
0%
Pancerz
0%
Parcelacyjna
0%
Parcela I
0%
Parcela II
0%
Park Miejski
0%
Park Młociński
0%
Parlamentarna
0%
Parole
0%
Parole-Pętla
0%
Partyzantów
0%
Partyzantów-Szkoła
0%
Paschalisa-Jakubowicza
0%
Paszków
0%
Pęchery
0%
Pęclin
0%
Pęclińska
0%
Pęczkowskiego
0%
Peonii
0%
Perłowa
0%
Piasta
0%
Piasta Kołodzieja
0%
Picassa
0%
Pieczyska
0%
Pijarska
0%
Pijarska-Basen
0%
Pijarska-Osiedle
0%
Pilaszków
0%
Pilawa
0%
Pilcha
0%
Piłsudskiego-Kościół
0%
Pionierska
0%
Piotrkówek Mały
0%
Pirenejska
0%
Piskórka
0%
Piusa XI
0%
PKP Michałów-Reginów
0%
PKP Wołomin (Laskowa)
0%
PKP Zielonka (Zosinek)
0%
Planty
0%
Platanowa
0%
pl.Jana Pawła II
0%
pl.Ostrej Bramy
0%
pl.Sportowy
0%
Płużnicka
0%
Pocisk
0%
Pocztowa
0%
Podbiałowa
0%
Podczaszyńskiego
0%
POD Głosków
0%
Podgórna
0%
POD Kajetany
0%
Podkowińska
0%
Podłęcze II
0%
Podolska
0%
Podróżna
0%
Podskarbińska
0%
POD Szczaki
0%
Pogroszew
0%
Pogroszew Kolonia
0%
Pólko
0%
POLMO
0%
Polnych Kwiatów
0%
Pomnik Kolei Wąskotorowej
0%
Pomologiczna
0%
Popławska
0%
Porajów
0%
Portowa
0%
Port Pilawa
0%
Potockich
0%
Powojowa
0%
Powstańców-Park
0%
Powstańców Warszawy
0%
Poziomkowa
0%
Prasowa
0%
Projektowana
0%
Protazego
0%
Prymasa Wyszyńskiego
0%
Prymulki
0%
Przebieg
0%
Przebiśniegów
0%
Przebudzenia Wiosny
0%
Przedpełskiego
0%
Przejazd
0%
Przejezdna
0%
Przemysłowa
0%
Przewodowa
0%
Przydrożna
0%
Przy Grodzisku
0%
Przyjaciół
0%
Przylesie
0%
Przyleśna
0%
Przyszłość
0%
Pułaskiego
0%
Pustelnicka
0%
Pustola
0%
Puszkina
0%
PWiK
0%
Radiostacja Łazy
0%
Radiowa-WAT
0%
Radiówek
0%
Rafii
0%
Ręczajska
0%
Reja
0%
Rejtana
0%
Rekrucka
0%
Rembertów-Kolonia
0%
Rezedowa
0%
RKS Orzeł
0%
Robercin
0%
Robotnicza
0%
Rodzinna
0%
Rogatkowa
0%
Rolnicza
0%
Romantyczna
0%
rondo Cudu Nad Wisłą
0%
rondo Granzowa
0%
Rozalin
0%
Rozchodnikowa
0%
Rozjazd Oborski
0%
Rozłucka
0%
Rozwadowskiego
0%
Rozwojowa
0%
Rubinowa
0%
Rudka
0%
Rumiankowa
0%
Runów Osada
0%
Runów Osada II
0%
Runowska
0%
Rycerska
0%
Rychnowska
0%
Rycice
0%
Rzemieślnicza
0%
Sadkowska
0%
Sadowa
0%
Sadowa-Dom Opieki
0%
Sagalli
0%
Samarytanka
0%
Samorządowa
0%
Sanguszki
0%
Sapiehy
0%
Sasankowa
0%
Sasina
0%
Sasina-Liceum
0%
Schroegera
0%
Sęczkowa
0%
Sezam
0%
Siarczana
0%
Siedmiogrodzka
0%
Siedzikówny "Inki"
0%
Sielankowa
0%
Sielska
0%
Siemiatycka
0%
Siemieńskiego
0%
Spadowa
0%
Śpiewaków
0%
Spółdzielnia Noma
0%
Srebrnych Świerków
0%
Stanisławów
0%
Stara Wieś
0%
Stare Grabie
0%
Stare Grabie II
0%
Stare Grabie-Szkoła
0%
Stare Lipiny
0%
Starochylicka
0%
Starorzecze
0%
Starostwo
0%
Starostwo Powiatowe
0%
Stawowa
0%
Stefanów
0%
Stefanówka
0%
Stężycka
0%
Stocer
0%
Stoczniowców
0%
Stokrotki
0%
Strąkowa
0%
Strefa Przemysłowa
0%
Struga-Kościół
0%
Strumykowa
0%
Strusia
0%
Strużańska
0%
Strzelecka
0%
Strzygłowska
0%
Strzykuły
0%
Sue Ryder
0%
Świder-Kościół
0%
Świdry Małe
0%
Świdry Wielkie
0%
Święcicka
0%
Świecka
0%
Świerk-Szkoła
0%
Świętojańska
0%
Szachowa
0%
Szafarzy
0%
Szamocin
0%
Szarych Szeregów
0%
Szekspira
0%
Szklarniowa
0%
szosa lubelska
0%
Szpital Onkologiczny
0%
Szpital Powiatowy
0%
Szpruch
0%
Szumiących Traw
0%
Szymańskiego
0%
Szyszaków
0%
Tabita
0%
Tadżycka
0%
Talarowa
0%
Tatrzańska
0%
Tawułkowa
0%
Teklin
0%
Teklin II
0%
Teklin-Szpital
0%
Teofilów
0%
Tłuchowska
0%
Tolak
0%
Tomaszew
0%
Tomice
0%
Topograficzna
0%
Topolowa
0%
Torfowa
0%
Trakt Królewski
0%
Trenów
0%
Trenów-Las
0%
Trzeciakowskich
0%
Tukanów
0%
Tulipanowa
0%
Tułowicka
0%
Turkawki
0%
Turów
0%
Turowice
0%
Turów II
0%
Turowska
0%
Tużycka
0%
Tymotki
0%
Tysiąclecia
0%
Ułanów Jazłowieckich
0%
Umiastów
0%
Umiastowska
0%
Umiastowska-Cmentarz
0%
Urocza
0%
Urząd Skarbowy
0%
Uwieliny-Szkoła
0%
Vivaldiego
0%
Walewska
0%
Wałuszewska
0%
Waniliowa
0%
Warsztatowa
0%
Wartka
0%
Warzelnicza-Szkoła
0%
Wczasowa
0%
WDW Rynia
0%
Wędkarska
0%
Wenecka
0%
Wenus
0%
Weteranów
0%
Węzeł Nadarzyn
0%
Wiązana
0%
Wichrowa
0%
Widoczna
0%
Wiechy
0%
Wiejca I
0%
Wiejca II
0%
Wiejca III
0%
Wiekowej Sosny
0%
Wieliszew-Plaża
0%
Wielowiejska
0%
Wierna
0%
Wieruchów
0%
Wieruchowska
0%
Wierzbin
0%
Wiesiołka
0%
Wiklinowa
0%
Wilanówka
0%
Wilcza Góra
0%
Wilkowa Wieś I
0%
Wilkowa Wieś II
0%
Wilkowiecka
0%
Willowa
0%
Willowa Aleja
0%
Wilsona
0%
Wincentów I
0%
Wincentów II
0%
Winogronowa
0%
Wiosenna
0%
Witwickiego
0%
Władysławów
0%
Wodociąg Płn.
0%
Wojcieszyn
0%
Wojcieszyn-ARiMR
0%
Wojewódzka
0%
Wola Karczewska
0%
Wola Krakowiańska
0%
Wola Mrokowska
0%
Wolica
0%
Wolica k.Płochocina
0%
Wólka Dworska
0%
Wólka Dworska-Wisła
0%
Wólka Mlądzka
0%
Wólka Pęcherska
0%
Wólka Załęska
0%
Wołodyjowskiego
0%
Wolska I
0%
Wolska II
0%
Wolska III
0%
Wróblewskiego
0%
Wrzosowa
0%
Współczesna
0%
Wyględy
0%
Wygoda
0%
Wypoczynkowa
0%
XXI Wieku
0%
Żabieniec
0%
Zabłudowska
0%
Zaborówek-Osiedle
0%
Zaborówek-Wieś
0%
Zaborowska
0%
Zabraniecka-Bocznica
0%
Zabraniecka-Magazyny
0%
Zadębie
0%
Zagłoby
0%
Zagórna
0%
Zagórzańska
0%
Zagórze-Sanatorium
0%
Zagościniec-Szkoła
0%
Zakrętowa
0%
Zalasek
0%
Zalesinek
0%
Zaleśna
0%
Załubice-Poczta
0%
Załubice-Szkoła
0%
Załuskiego
0%
Załuskiego-Szkoła
0%
Żanęcin
0%
Zaplecze
0%
Zasadowa
0%
Zasobna
0%
Zawadzka
0%
Zawodne
0%
Zawodowa
0%
Zbaraska
0%
Zdrojowa
0%
Zegarynki
0%
Zegrzyńska
0%
Zegrzyńska-IMGW
0%
Zelwerowicza
0%
ZGK
0%
Zielonki-Wieś
0%
Zimorodka
0%
Żonkilowa
0%
Zorzy
0%
Źródlana
0%
Żwirowa
0%
Zygmunta
0%
Żymirskiego-Przychodnia
0%
Zyndrama z Maszkowic
0%
Nie znaleziono quizów pasujących do podanych kryteriów
Rozkład punktacji
Procent ludzi z każdym wynikiem
Percentyl według liczby udzielonych odpowiedzi
Twoja historia wyników
Nie rozwiązałeś tego quizu od ostatniego zresetowania